Высоковольтный трансформаторный RIP-ввод на 500 Кв с полимерной покрышкой; Современные техника и технологии; Т. 1

Λεπτομέρειες βιβλιογραφικής εγγραφής
Parent link:Современные техника и технологии: сборник трудов XVII международной научно-практической конференции студентов, аспирантов и молодых ученых, Томск, 18-22 апреля 2011 г/ Национальный исследовательский Томский политехнический университет (ТПУ).— , 2011
Т. 1.— 2011.— [С. 57-58]
Κύριος συγγραφέας: Иванюк Е. В.
Άλλοι συγγραφείς: Куртенков Г. Е. Геннадий Ефимович (научный руководитель)
Περίληψη:Заглавие с титульного экрана
Γλώσσα:Ρωσικά
Έκδοση: 2011
Σειρά:Электроэнергетика
Θέματα:
Διαθέσιμο Online:http://www.lib.tpu.ru/fulltext/c/2011/C01/V01/026.pdf
Μορφή: MixedMaterials Ηλεκτρονική πηγή Κεφάλαιο βιβλίου
KOHA link:https://koha.lib.tpu.ru/cgi-bin/koha/opac-detail.pl?biblionumber=234312

MARC

LEADER 00000naa2a2200000 4500
001 234312
005 20260129161107.0
035 |a (RuTPU)RU\TPU\book\255434 
035 |a RU\TPU\book\255430 
090 |a 234312 
100 |a 20130322d2011 k y0rusy50 ca 
101 0 |a rus 
102 |a RU 
135 |a drnn ---uucaa 
181 0 |a i  
182 0 |a b 
200 1 |a Высоковольтный трансформаторный RIP-ввод на 500 Кв с полимерной покрышкой  |f Е. В. Иванюк, Г. Е. Куртенков  |g науч. рук. Г. Е. Куртенков 
203 |a Текст  |c электронный 
225 1 |a Электроэнергетика 
300 |a Заглавие с титульного экрана 
320 |a [Библиогр.: с. 58 (1 назв.)] 
337 |a Adobe Reader 
461 1 |0 (RuTPU)RU\TPU\book\255301  |t Современные техника и технологии  |o сборник трудов XVII международной научно-практической конференции студентов, аспирантов и молодых ученых, Томск, 18-22 апреля 2011 г  |o в 3 т.  |f Национальный исследовательский Томский политехнический университет (ТПУ)  |d 2011 
463 1 |0 (RuTPU)RU\TPU\book\255306  |t Т. 1  |v [С. 57-58]  |d 2011 
610 1 |a труды учёных ТПУ 
610 1 |a электронный ресурс 
610 1 |a высоковольтные трансформаторы 
610 1 |a полимерные проводники 
610 1 |a покрышки 
700 1 |a Иванюк  |b Е. В. 
701 1 |a Куртенков  |b Г. Е.  |c специалист в области энергетики  |c доцент Томского политехнического университета, кандидат технических наук  |f 1941-  |g Геннадий Ефимович  |3 (RuTPU)RU\TPU\pers\28064 
702 1 |a Куртенков  |b Г. Е.  |c специалист в области энергетики  |c доцент Томского политехнического университета, кандидат технических наук  |f 1941-  |g Геннадий Ефимович  |4 727 
801 2 |a RU  |b 63413507  |c 20160124  |g RCR 
856 4 |u http://www.lib.tpu.ru/fulltext/c/2011/C01/V01/026.pdf 
942 |c CF